Inauguración de un monumento a Clavé en Montserrat
Colección:
San Jorge,
; núm. 20 (octubre 1955), pàg 88-90
Idioma:
Español
MARC
| LEADER | 00000naa a2200000 a 4500 | ||
|---|---|---|---|
| 003 | Arxiu | ||
| 005 | 20260324181023.0 | ||
| 008 | 160829s1955 spcaxx s spa c 000 0 cat d | ||
| 040 | |a AGDB | ||
| 245 | 0 | 0 | |a Inauguración de un monumento a Clavé en Montserrat |
| 490 | |a San Jorge, |v núm. 20 (octubre 1955), pàg 88-90 | ||
| 500 | |a Conté discurs del President de la Diputació, Marquès de Castell-Florite | ||
| 600 | 1 | 0 | |a Clavé, Josep Anselm, |d 1824-1874 |x Monuments |9 55265 |
| 610 | 2 | 0 | |9 54252 |a Montserrat (Monestir) |
| 710 | 1 | |9 54218 |a Barcelona (Catalunya : Província). |b President (1949-1967 : Buxó de Abaigar) | |
| 773 | |g Núm. 20 (octubre 1955), pàg 88-90 |t San Jorge. | ||
| 901 | |a Arxiu | ||
| 942 | |n 1 |2 udc |c ART | ||
| 952 | |0 0 |1 0 |4 0 |6 REV510 |7 1 |9 65455 |a Arxiu |b Arxiu |d 2023-03-06 |l 0 |o Rev-510 |r 2023-03-06 00:00:00 |w 2023-03-06 |y ARXIU |z També disponible a Rev-524 | ||
| 999 | |c 43756 |d 43756 | ||